LEADER 00995nam a2200289 i 4500 001 991000894069707536 005 20020507175403.0 008 941201s1962 uk ||| | eng 020 $a0521043816 035 $ab10772248-39ule_inst 035 $aLE01303952$9ExL 040 $aDip.to Matematica$beng 082 0 $a510 084 $aAMS 26-01 084 $aAMS 26-XX 100 1 $aBurkill, J. C.$0442040 245 12$aA first course in mathematical analysis /$cJ. C. Burkill 260 $aCambridge :$bThe syndics of Cambridge Univ. Press,$cc1962 300 $avi, 186 p. ;$c22 cm. 650 4$aReal functions 650 4$aReal functions-textbooks 907 $a.b10772248$b21-09-06$c28-06-02 912 $a991000894069707536 945 $aLE013 26-XX BUR11 (1962)$g1$i2013000014876$lle013$o-$pE0.00$q-$rl$s- $t0$u0$v0$w0$x0$y.i10870714$z28-06-02 996 $aFirst course in mathematical analysis$9922467 997 $aUNISALENTO 998 $ale013$b01-01-94$cm$da $e-$feng$guk $h2$i1 LEADER 01445nam a2200361 i 4500 001 991000871779707536 005 20020507102600.0 008 940322s1984 de ||| | eng 035 $ab10141431-39ule_inst 035 $aLE00638328$9ExL 040 $aDip.to Fisica$bita 082 00$a523.8$219 084 $a52.9.53 084 $a52.9.55 084 $aLC QB799 111 2 $aCambridge Workshop on Cool Stars, Stellar Systems, and the Sun$n<3rd :$d1983>$0461505 245 10$aCool stars, stellar systems and the sun :$bproceedings of the Third Cambridge Workshop on Cool Stars, Stellar Systems, and the Sun, held in Cambridge, Massachusetts, October 5-7, 1983 /$cedited by S.L. Balliunas and L. Hartmann 260 $aBerlin :$bSpringer,$c1984 300 $avii, 364 p. ;$c25 cm 490 0 $aLecture notes in physics / edited by J. Ehlers...[et al.] ;$v193 504 $aIncludes bibliographies 650 0$aStars$xCongresses 650 0$aCool stars$xCongresses 651 0$aSun$xCongresses 700 1 $aBaliunas, Sallie L. 700 1 $aHartmann, Lee 700 1 $aHartmann, L. 907 $a.b10141431$b17-02-17$c27-06-02 912 $a991000871779707536 945 $aLE006 52.9.53+52.9.55 BAL$g1$i2006000028226$lle006$o-$pE0.00$q-$rl$s- $t0$u0$v0$w0$x0$y.i10167833$z27-06-02 996 $aCool stars, stellar systems and the sun$9187018 997 $aUNISALENTO 998 $ale006$b01-01-94$cm$da $e-$feng$gde $h0$i1